Stades de Ligue 1 (2023-2024) - Statistiques

Statistiques générales
  • Ce quiz a été pris 85 fois
  • Le résultat moyen est 12 sur 18
Statistiques - réponses
Équipe Stade Capacité % Correct
Olympique de Marseille Stade Vélodrome 67.394
100%
Paris-Saint-Germain Parc des Princes 48.583
99%
Olympique Lyonnais Parc OL 59.186
90%
FC Nantes Stade de la Beaujoire 35.322
86%
AS Monaco Stade Louis-II 16.500
85%
RC Lens Stade Bollaert-Delelis 38.058
82%
OGC Nice Allianz Riviera 36.178
81%
Lille OSC Stade Pierre-Mauroy 50.157
73%
Toulouse Stadium de Toulouse 33.150
69%
RC Strasbourg Stade de la Meinau 26.280
65%
Stade Rennais Roazhon Park 29.778
63%
Montpellier Stade de la Mosson 22.000
63%
FC Metz Stade Saint-Symphorien 28.786
58%
FC Lorient Stade du Moustoir 18.970
54%
Stade Brestois Stade Francis-Le Blé 14.920
50%
Stade de Reims Stade Auguste-Delaune 21.029
47%
Le Havre Stade Océane 25.178
47%
Clermont Foot 63 Stade Gabriel-Montpied 12.768
37%
Aucun quiz correspondant
Distribution des résultats
% des personnes avec chaque résultat
Percentile par nombre de réponses
Votre historique - résultats
Vous n’avez pas pris ce quiz